Florida cities by picture - Statistics

General Stats
  • This quiz has been taken 17 times
  • The average score is 6 of 14
Answer Stats
Picture Answer % Correct
Miami
100%
Orlando
100%
Tampa
88%
Jacksonville
75%
Fort Lauderdale
38%
St. Petersburg
38%
Gainesville
25%
Key West
25%
Tallahassee
25%
Clearwater
19%
Fort Myers
19%
Naples
13%
Pensacola
13%
Sarasota
6%
No matching quizzes found
Score Distribution
Percent of People with Each Score
Percentile by Number Answered
Your Score History
You have not taken this quiz